000
00321nam a2200133Ia 4500
005
20260328101440.0
008
260328s9999||||xx |||||||||||||| ||und||
100
_a
Glusberg, Jorge
245
0
_a
Del Pop-art a la Nueva Imagen /
_c
Jorge Glusberg
260
_b
Gaglianone
300
_a
528 p.
650
_a
ARTE
942
_c
BK
999
_c
8247
_d
8247